00516nam a2200181Ia 4500003000500000005001700005008004100022020002900063040000900092082001300101100001800114245008800132250001800220260004300238300002200281500001800303521001300321322820221031120451.0220714s9999 xx 000 0 und d a9781338089349qHardcover c3228 aEJF BROW aBrown, Martin 0aLesser spotted animals:bThe coolest creatures you've never heard ofcMartin, Brown afirst edition aNew York:bDavid fickling books,c2017 a51 pagesc26.5 cm aillustrations aChildren